[Event "GER-chT U12"]
[Site "Verden"]
[Date "2014.12.29"]
[Round "6.4"]
[White "Buschmann, Julius"]
[Black "Badzies, Tobias"]
[Result "1-0"]
[WhiteElo "1428"]
[BlackElo "1053"]
[PlyCount "43"]
[EventDate "2014.12.27"]
[EventType "team-swiss"]
[EventRounds "7"]
[EventCountry "GER"]
[SourceTitle "EXT 2016"]
[Source "ChessBase"]
[SourceDate "2015.10.08"]
[SourceVersion "1"]
[SourceVersionDate "2015.10.08"]
[SourceQuality "1"]
[WhiteTeam "Leipzig Turm"]
[BlackTeam "Uelzen Post"]
[WhiteTeamCountry "GER"]
[BlackTeamCountry "GER"]

1. e4 c6 2. d4 d5 3. e5 Bf5 4. Nf3 e6 5. c3 Nd7 6. Bf4 c5 7. Bd3 Bxd3 8. Qxd3 f6 9. 0-0 c4 10. Qe2 g5 11. Nxg5 fxg5 12. Qh5+ Ke7 13. Bxg5+ Ndf6 14. exf6+ Nxf6 15. Bxf6+ Kxf6 16. Qe5+ Kg6 17. Qxh8 Qb6 18. Nd2 Qxb2 19. Nf3 Qxc3 20. Ne5+ Kh6 21. Qf6+ Kh5 22. g4# 1-0

[Event "GER-chT U12"]
[Site "Verden"]
[Date "2014.12.28"]
[Round "4.4"]
[White "Buschmann, Julius"]
[Black "Engel, Robert"]
[Result "0-1"]
[WhiteElo "1428"]
[BlackElo "1449"]
[PlyCount "130"]
[EventDate "2014.12.27"]
[EventType "team-swiss"]
[EventRounds "7"]
[EventCountry "GER"]
[SourceTitle "EXT 2016"]
[Source "ChessBase"]
[SourceDate "2015.10.08"]
[SourceVersion "1"]
[SourceVersionDate "2015.10.08"]
[SourceQuality "1"]
[WhiteTeam "Leipzig Turm"]
[BlackTeam "Hamburger SK"]
[WhiteTeamCountry "GER"]
[BlackTeamCountry "GER"]

1. e4 c5 2. Nf3 d6 3. c3 Nf6 4. h3 e6 5. Bb5+ Nbd7 6. Bxd7+ Qxd7 7. d3 b6 8. Bf4 Qb5 9. Qc2 Bb7 10. 0-0 Nh5 11. Be3 Be7 12. Na3 Qd7 13. Nc4 0-0 14. Rad1 Qc7 15. Rfe1 Rac8 16. Qd2 Nf6 17. Bf4 Ne8 18. Ne3 Qd7 19. Nf1 Nc7 20. Ng3 d5 21. Ne5 Qd8 22. exd5 Qxd5 23. Nf3 Rfd8 24. c4 Qc6 25. b3 Na6 26. a3 Rd7 27. Ne4 Rdd8 28. Ne5 Qe8 29. Qc3 f6 30. Nf3 e5 31. Be3 Rd7 32. Ng3 Rcd8 33. Re2 e4 34. Ne1 exd3 35. Rxd3 Rxd3 36. Nxd3 Qg6 37. Nf4 Qb1+ 38. Re1 Rd1 39. Rxd1 Qxd1+ 40. Kh2 Bd6 41. Nf5 Be5 42. Qd2 Qxd2 43. Bxd2 g5 44. Ne7+ Kf7 45. Nf5 Bc8 46. Ne3 Bxf4+ 47. g3 Bxe3 48. Bxe3 Bf5 49. Bd2 Bc2 50. b4 Bd3 51. bxc5 Nxc5 52. Be3 Bxc4 53. Kg2 Bd5+ 54. Kf1 Ke6 55. Ke2 Ke5 56. f4+ gxf4 57. Bxf4+ Ke4 58. Bb8 Bc4+ 59. Kd2 a6 60. Ba7 Nb3+ 61. Kc3 b5 62. a4 Kf3 63. Bb8 Nc5 64. Kb4 Ne4 65. g4 Nf2 0-1

[Event "GER-chT U12"]
[Site "Schney"]
[Date "2013.12.29"]
[Round "6.4"]
[White "Buschmann, Julius"]
[Black "Hausdorf, Lars"]
[Result "1/2-1/2"]
[WhiteElo "1230"]
[BlackElo "1344"]
[PlyCount "102"]
[EventDate "2013.12.27"]
[EventType "team-swiss"]
[EventRounds "7"]
[EventCountry "GER"]
[SourceTitle "EXT 2015"]
[Source "ChessBase"]
[SourceDate "2014.11.20"]
[SourceVersion "1"]
[SourceVersionDate "2014.11.20"]
[SourceQuality "1"]
[WhiteTeam "Leipzig Turm"]
[BlackTeam "Potsdam"]
[WhiteTeamCountry "GER"]
[BlackTeamCountry "GER"]

1. e4 e6 2. d4 d5 3. e5 c5 4. Nf3 Nc6 5. Bb5 Qb6 6. Ba4 Nge7 7. 0-0 Nf5 8. c3 cxd4 9. cxd4 Be7 10. Nc3 0-0 11. Ne2 f6 12. Bxc6 bxc6 13. b3 Ba6 14. Re1 fxe5 15. dxe5 c5 16. Nf4 d4 17. Bb2 Rfd8 18. Rc1 Rd7 19. Nd3 Rc8 20. Ba3 Qb5 21. Nf4 Kf7 22. Rc4 Qb6 23. Rc2 d3 24. Rc3 Rcd8 25. Qd2 Qa5 26. Bc1 c4 27. a3 h6 28. bxc4 Rc7 29. Rxd3 Qxd2 30. Nxd2 Rxd3 31. Nxd3 Bxc4 32. Nxc4 Rxc4 33. Bb2 Rc8 34. Rc1 Rd8 35. Nf4 Bg5 36. g3 Bxf4 37. gxf4 Rd7 38. Bc3 Kg6 39. Kg2 Rc7 40. Bd2 Rd7 41. Bb4 Rf7 42. Ba5 Rd7 43. Rc7 Rxc7 44. Bxc7 Kf7 45. Kh3 h5 46. Kg2 Ke7 47. Kf3 Kd7 48. Ba5 Kc6 49. Ke4 Kb5 50. Bb4 Kc4 51. Bd6 g6 1/2-1/2

[Event "Sachsen-ch U10"]
[Site "Sebnitz"]
[Date "2012.04.13"]
[Round "6"]
[White "Buschmann, Julius"]
[Black "Scholz, Richard"]
[Result "1/2-1/2"]
[WhiteElo "1033"]
[BlackElo "1161"]
[PlyCount "47"]
[EventDate "2012.04.10"]
[EventType "swiss"]
[EventRounds "7"]
[EventCountry "GER"]
[SourceTitle "CBM 148 Extra"]
[Source "ChessBase"]
[SourceDate "2012.06.22"]
[SourceVersion "1"]
[SourceVersionDate "2012.06.22"]
[SourceQuality "1"]

1. e4 e5 2. Nf3 Nc6 3. Bc4 Bc5 4. d3 Nf6 5. Nc3 d6 6. h3 Be6 7. Bb3 Qd7 8. Be3 Bb6 9. Nd5 Bxd5 10. exd5 Nd4 11. Bxd4 exd4 12. Qe2+ Qe7 13. Qxe7+ Kxe7 14. 0-0 Rhe8 15. Rfe1+ Kf8 16. Rad1 Rxe1+ 17. Rxe1 h6 18. Kf1 Re8 19. Bc4 Rxe1+ 20. Kxe1 a6 21. b4 Nh5 22. a4 a5 23. b5 Bc5 24. Kf1 1/2-1/2